Natalie Portman Movies! - Statistics

General Stats
  • This quiz has been taken 31 times
  • The average score is 13 of 55
Answer Stats
Hint Answer % Correct
2011 Thor
89%
2010 Black Swan
81%
2022 Thor: Love and Thunder
78%
1994 Leon: The Professional
74%
2013 Thor: The Dark World
67%
2005 V For Vendetta
59%
2002 Attack of the Clones
56%
2005 Revenge of the Sith
56%
1999 The Phantom Menace
56%
2012 The Avengers
41%
2008 The Other Boleyn Girl
41%
2004 Closer
37%
2011 No Strings Attached
37%
2019 Avengers: Endgame
33%
2016 Jackie
33%
2018 Annihilation
26%
2000 Where the Heart Is
26%
2011 Your Highness
26%
2009 Brothers
22%
2004 Garden State
22%
1995 Heat
22%
1996 Mars Attacks!
22%
2018 Vox Lux
22%
1999 Anywhere But Here
19%
2003 Cold Mountain
19%
1996 Beautiful Girls
15%
2015 Jane Got A Gun
15%
TBD May December
15%
2008 New York, I Love You
15%
2015 Knight of Cups
11%
2019 Lucy in the Sky
11%
2007 My Blueberry Nights
11%
2006 Paris, je t'aime
11%
2016 Planetarium
11%
2017 Song to Song
11%
2007 The Darjeeling Limited
11%
2009 The Other Woman
11%
2015 A Tale of Love and Darkness
7%
1996 Everyone Says I Love You
7%
2006 Goya's Ghosts
7%
2010 Hesher
7%
2007 Mr. Magorium's Wonder Emporium
7%
2001 Zoolander
7%
2005 Domino One
4%
2005 Free Zone
4%
2016 Pride and Prejudice and Zombies
4%
2018 The Death and Life of John F. Donovan
4%
2011 Below the Line
0%
2012 Cloud Atlas
0%
TBD Foxy Trotter
0%
2010 I'm Still Here
0%
2009 Plan B
0%
2012 Scruples
0%
2022 Strong Enough
0%
2015 The Heyday of the Insensitive Bastards
0%
No matching quizzes found
Score Distribution
Percent of People with Each Score
Percentile by Number Answered
Your Score History
You have not taken this quiz